Local authorities and gypsies and travellers (Record no. 105154)
[ view plain ]
| 000 -LEADER | |
|---|---|
| fixed length control field | 01295cam a2200193 4500 |
| 001 - CONTROL NUMBER | |
| control field | ##L132489 |
| 008 - FIXED-LENGTH DATA ELEMENTS--GENERAL INFORMATION | |
| fixed length control field | 060213n2006 000 0 eng u |
| 035 ## - SYSTEM CONTROL NUMBER | |
| System control number | (Sirsi) u132489 |
| 041 0# - LANGUAGE CODE | |
| Language code of text/sound track or separate title | eng |
| 050 04 - LIBRARY OF CONGRESS CALL NUMBER | |
| Classification number | 306.76 $2 18 |
| 110 1# - MAIN ENTRY--CORPORATE NAME | |
| Corporate name or jurisdiction name as entry element | United Kingdom |
| Subordinate unit | Office of the Deputy Prime Minister: Gypsy and Traveller Unit |
| 9 (RLIN) | 4880 |
| 245 00 - TITLE STATEMENT | |
| Title | Local authorities and gypsies and travellers |
| Remainder of title | guide to responsibilities and powers |
| 260 ## - PUBLICATION, DISTRIBUTION, ETC. | |
| Place of publication, distribution, etc. | London |
| Name of publisher, distributor, etc. | ODPM |
| Date of publication, distribution, etc. | 2006 |
| 520 ## - SUMMARY, ETC. | |
| Summary, etc. | Provides information on what needs to be done and how it should be done to meet the government objective of ensuring that the settled community and gypsies and travellers live together peacefully. Covers gypsy and traveller history and the facts, site provision, why local authorities should make this a priority, unauthorised encampments and developments, anti-social behaviour and what government will do. |
| 590 ## - LOCAL NOTE (RLIN) | |
| Local note | IKA140206 |
| 690 ## - LOCAL SUBJECT ADDED ENTRY--TOPICAL TERM (OCLC, RLIN) | |
| Topical term or geographic name as entry element | ENVIRONMENTAL AND LAND CONSULTANCY-PLANNING AND DEVELOPMENT-DEVELOPMENT CONTROL-PLANNING ENFORCEMENT |
| 856 40 - ELECTRONIC LOCATION AND ACCESS | |
| Uniform Resource Identifier | <a href="https://webarchive.nationalarchives.gov.uk/20060605104300/communities.gov.uk/pub/400/LocalAuthoritiesandGypsiesandTravellersGuidetoresponsibilitiesandpowersPDF223KB_id1163400.pdf">https://webarchive.nationalarchives.gov.uk/20060605104300/communities.gov.uk/pub/400/LocalAuthoritiesandGypsiesandTravellersGuidetoresponsibilitiesandpowersPDF223KB_id1163400.pdf</a> |
| Public note | View the item free of charge at webarchive.nationalarchives.gov.uk |
| 942 ## - ADDED ENTRY ELEMENTS (KOHA) | |
| Suppress in OPAC | 0 |
| Withdrawn status | Lost status | Source of classification or shelving scheme | Damaged status | Not for loan | Home library | Current library | Shelving location | Date acquired | Total Checkouts | Full call number | Barcode | Date last seen | Copy number | Price effective from | Koha item type |
|---|---|---|---|---|---|---|---|---|---|---|---|---|---|---|---|
| Dewey Decimal Classification | Virtual | Virtual | Online | 13/02/2006 | ONLINE PUBLICATION | 132489-2001 | 06/08/2019 | 1 | 06/08/2019 | Book |